<?xml version="1.0" encoding="UTF-8"?>
<record
    xmlns:xsi="http://www.w3.org/2001/XMLSchema-instance"
    xsi:schemaLocation="http://www.loc.gov/MARC21/slim http://www.loc.gov/standards/marcxml/schema/MARC21slim.xsd"
    xmlns="http://www.loc.gov/MARC21/slim">

  <leader>02688njm a2200505Ia 4500</leader>
  <controlfield tag="001">20757</controlfield>
  <controlfield tag="003">IT-RoPAU</controlfield>
  <controlfield tag="005">20220918181124.0</controlfield>
  <controlfield tag="008">131025s9999    xx            000 0 und d</controlfield>
  <datafield tag="040" ind1=" " ind2=" ">
    <subfield code="a">IT-RoPAU</subfield>
  </datafield>
  <datafield tag="040" ind1=" " ind2=" ">
    <subfield code="c">IT-RoPAU</subfield>
  </datafield>
  <datafield tag="041" ind1=" " ind2=" ">
    <subfield code="a">ITALIANO</subfield>
  </datafield>
  <datafield tag="999" ind1=" " ind2=" ">
    <subfield code="c">100005</subfield>
    <subfield code="d">100005</subfield>
  </datafield>
  <datafield tag="999" ind1=" " ind2=" ">
    <subfield code="b">n.d.</subfield>
  </datafield>
  <datafield tag="100" ind1=" " ind2=" ">
    <subfield code="a">AA.VV.</subfield>
    <subfield code="9">794</subfield>
  </datafield>
  <datafield tag="100" ind1=" " ind2=" ">
    <subfield code="e">Autore musica</subfield>
    <subfield code="9">2963</subfield>
  </datafield>
  <datafield tag="100" ind1=" " ind2=" ">
    <subfield code="g">Codice autore musica SPICS: 12000</subfield>
    <subfield code="9">796</subfield>
  </datafield>
  <datafield tag="245" ind1=" " ind2=" ">
    <subfield code="a">Jazz all'italiana (disco)</subfield>
  </datafield>
  <datafield tag="250" ind1=" " ind2=" ">
    <subfield code="a">2a ed.</subfield>
  </datafield>
  <datafield tag="260" ind1=" " ind2=" ">
    <subfield code="a">MILANO</subfield>
  </datafield>
  <datafield tag="260" ind1=" " ind2=" ">
    <subfield code="b">FRATELLI FABBRI EDITORI</subfield>
    <subfield code="c">1982 [1a Ed.:1970]</subfield>
  </datafield>
  <datafield tag="300" ind1=" " ind2=" ">
    <subfield code="a">DISCO</subfield>
  </datafield>
  <datafield tag="300" ind1=" " ind2=" ">
    <subfield code="c">24 minuti (Testo:  pag.)</subfield>
  </datafield>
  <datafield tag="500" ind1=" " ind2=" ">
    <subfield code="a">La canzone italiana. Si comincia a ballare. Sogno dolce, ritmo in do, illusione, dolore, amore, senza te non vivr&#xF2;, perdere la testa, infelice calvizia</subfield>
  </datafield>
  <datafield tag="505" ind1=" " ind2=" ">
    <subfield code="a">Polvere di stelle (3:00) - Mister Paganini (4:00) - No jazz (4:00) - Ho un sassolino nella scarpa (3:00) - Il Giovanotto matto (3:00) - Tornerai (4:00) - Oi Mar&#xEC; (3:00) - Crapa pelada (3:00)</subfield>
  </datafield>
  <datafield tag="511" ind1=" " ind2=" ">
    <subfield code="a">Otto Natalino</subfield>
  </datafield>
  <datafield tag="511" ind1=" " ind2=" ">
    <subfield code="a">Bonino Ernesto</subfield>
  </datafield>
  <datafield tag="511" ind1=" " ind2=" ">
    <subfield code="a">Trio Lescano (Il)</subfield>
  </datafield>
  <datafield tag="511" ind1=" " ind2=" ">
    <subfield code="a">Rabagliati Alberto</subfield>
  </datafield>
  <datafield tag="511" ind1=" " ind2=" ">
    <subfield code="a">Quartetto Cetra (Il)</subfield>
  </datafield>
  <datafield tag="650" ind1=" " ind2=" ">
    <subfield code="a">CANZONE ITALIAN [DISCHI]</subfield>
    <subfield code="e">Codice MATERIA SPICS: 9950</subfield>
    <subfield code="9">2964</subfield>
  </datafield>
  <datafield tag="700" ind1=" " ind2=" ">
    <subfield code="a">Carmichael Hoagy</subfield>
    <subfield code="d">Codice autore musica SPICS: 10736</subfield>
    <subfield code="e">Autore musica</subfield>
    <subfield code="p">Polvere di stelle</subfield>
    <subfield code="9">2965</subfield>
  </datafield>
  <datafield tag="700" ind1=" " ind2=" ">
    <subfield code="a">Cariga</subfield>
    <subfield code="d">Codice autore testo/musica SPICS: 13398</subfield>
    <subfield code="e">Autore testo/musica</subfield>
    <subfield code="p">Polvere di stelle</subfield>
    <subfield code="9">2966</subfield>
  </datafield>
  <datafield tag="700" ind1=" " ind2=" ">
    <subfield code="a">Devilli (Curci Alberto)</subfield>
    <subfield code="d">Codice autore musica SPICS: 13392</subfield>
    <subfield code="e">Autore musica</subfield>
    <subfield code="p">Mister Paganini</subfield>
    <subfield code="9">2967</subfield>
  </datafield>
  <datafield tag="700" ind1=" " ind2=" ">
    <subfield code="a">Coslow Sam</subfield>
    <subfield code="d">Codice autore testo/musica SPICS: 10785</subfield>
    <subfield code="e">Autore testo/musica</subfield>
    <subfield code="p">Mister Paganini</subfield>
    <subfield code="9">2968</subfield>
  </datafield>
  <datafield tag="700" ind1=" " ind2=" ">
    <subfield code="a">Alvaro Romero</subfield>
    <subfield code="d">Codice autore testo/musica SPICS: 13399</subfield>
    <subfield code="e">Autore testo/musica</subfield>
    <subfield code="p">No jazz</subfield>
    <subfield code="9">2969</subfield>
  </datafield>
  <datafield tag="700" ind1=" " ind2=" ">
    <subfield code="a">Valci Fernando</subfield>
    <subfield code="d">Codice autore testo/musica SPICS: 13400</subfield>
    <subfield code="e">Autore testo/musica</subfield>
    <subfield code="p">Ho un sassolino nella scarpa</subfield>
    <subfield code="9">2970</subfield>
  </datafield>
  <datafield tag="700" ind1=" " ind2=" ">
    <subfield code="a">Luttazzi Lelio</subfield>
    <subfield code="d">Codice autore testo/musica SPICS: 13480</subfield>
    <subfield code="e">Autore testo/musica</subfield>
    <subfield code="p">Il giovanotto matto</subfield>
    <subfield code="9">2971</subfield>
  </datafield>
  <datafield tag="700" ind1=" " ind2=" ">
    <subfield code="a">Rastelli Nino</subfield>
    <subfield code="d">Codice autore musica SPICS: 13482</subfield>
    <subfield code="e">Autore musica</subfield>
    <subfield code="p">Tornerai</subfield>
    <subfield code="9">2972</subfield>
  </datafield>
  <datafield tag="700" ind1=" " ind2=" ">
    <subfield code="a">Olivieri Dino</subfield>
    <subfield code="d">Codice autore testo/musica SPICS: 13481</subfield>
    <subfield code="e">Autore testo/musica</subfield>
    <subfield code="p">Tornerai</subfield>
    <subfield code="9">2973</subfield>
  </datafield>
  <datafield tag="700" ind1=" " ind2=" ">
    <subfield code="a">Nisa (Salerno Nicola)</subfield>
    <subfield code="d">Codice autore musica SPICS: 13452</subfield>
    <subfield code="e">Autore music</subfield>
    <subfield code="p">Oi Mar&#xEC;</subfield>
    <subfield code="9">2974</subfield>
  </datafield>
  <datafield tag="700" ind1=" " ind2=" ">
    <subfield code="a">Di Ceglie Cosimo</subfield>
    <subfield code="d">Codice autore testo/musica SPICS: 13484</subfield>
    <subfield code="e">Autore testo/musica</subfield>
    <subfield code="p">Oi Mar&#xEC;</subfield>
    <subfield code="9">2975</subfield>
  </datafield>
  <datafield tag="700" ind1=" " ind2=" ">
    <subfield code="a">Giacobetti Giovanna (Tata)</subfield>
    <subfield code="d">Codice autore musica SPICS: 13483</subfield>
    <subfield code="e">Autore musica</subfield>
    <subfield code="p">Crapa pelada</subfield>
    <subfield code="9">2976</subfield>
  </datafield>
  <datafield tag="700" ind1=" " ind2=" ">
    <subfield code="a">Kramer Gorni</subfield>
    <subfield code="d">Codice autore testo/musica SPICS: 11552</subfield>
    <subfield code="e">Autore testo/musica</subfield>
    <subfield code="p">Crapa pelada</subfield>
    <subfield code="9">2977</subfield>
  </datafield>
  <datafield tag="942" ind1=" " ind2=" ">
    <subfield code="c">MD</subfield>
    <subfield code="2">ddc</subfield>
  </datafield>
  <datafield tag="952" ind1=" " ind2=" ">
    <subfield code="0">0</subfield>
    <subfield code="1">0</subfield>
    <subfield code="4">0</subfield>
    <subfield code="6">20757_000000000000000</subfield>
    <subfield code="7">1</subfield>
    <subfield code="a">SPICS</subfield>
    <subfield code="b">SPICS</subfield>
    <subfield code="d">2013-10-25</subfield>
    <subfield code="l">0</subfield>
    <subfield code="o">20757</subfield>
    <subfield code="r">2013-10-25 00:00:00</subfield>
    <subfield code="w">2013-10-25</subfield>
    <subfield code="y">MD</subfield>
    <subfield code="z">Progr. Ins.: 4060 / N.Vol.: 1 / Copie: 1 - Copia rara: n.d. / date import: 01.01.2014 - By Epidotti, Trombetti, Vaglietti</subfield>
  </datafield>
</record>
